হ্যান্ডবুক অব ফিজিক্যাল এডুকেশন / (Record no. 4873)
[ view plain ]
| 000 -LEADER | |
|---|---|
| fixed length control field | 00867nam a22001937a 4500 |
| 001 - CONTROL NUMBER | |
| control field | BD-DhSAU 4873 |
| 003 - CONTROL NUMBER IDENTIFIER | |
| control field | BD-DhSAU |
| 005 - DATE AND TIME OF LATEST TRANSACTION | |
| control field | 20150226143917.0 |
| 008 - FIXED-LENGTH DATA ELEMENTS--GENERAL INFORMATION | |
| fixed length control field | 150226b1977 bg a||||r|||| 000 0 ben d |
| 040 ## - CATALOGING SOURCE | |
| Original cataloging agency | BD-DhSAU |
| 082 ## - DEWEY DECIMAL CLASSIFICATION NUMBER | |
| Edition number | 22 |
| Classification number | --- |
| Item number | হোসেহ্যা |
| 100 ## - MAIN ENTRY--PERSONAL NAME | |
| Personal name | হোসেন, মুহম্মদ তহম্মল |
| 245 ## - TITLE STATEMENT | |
| Title | হ্যান্ডবুক অব ফিজিক্যাল এডুকেশন / |
| Statement of responsibility, etc. | মেজর মুহম্মদ তহম্মল হোসেন |
| 260 ## - PUBLICATION, DISTRIBUTION, ETC. (IMPRINT) | |
| Place of publication, distribution, etc. | ঢাকা : |
| Name of publisher, distributor, etc. | বাংলাদেশ জাতীয় ক্রিড়া নিয়ন্ত্রণ বোর্ড, |
| Date of publication, distribution, etc. | ১৯৭৭. |
| 300 ## - PHYSICAL DESCRIPTION | |
| Extent | ১৯১ পৃ. : |
| Other physical details | চিত্র ; |
| Dimensions | ২৭ সেমি। |
| 590 ## - Name of Cataloguer | |
| Name of Cataloger | joy |
| 650 ## - SUBJECT ADDED ENTRY--TOPICAL TERM | |
| Topical term or geographic name as entry element | শারীরিক অনুশীলন। |
| 650 ## - SUBJECT ADDED ENTRY--TOPICAL TERM | |
| Topical term or geographic name as entry element | Physical education. |
| 942 ## - ADDED ENTRY ELEMENTS (KOHA) | |
| Source of classification or shelving scheme | Dewey Decimal Classification |
| Koha item type | Book |
| Withdrawn status | Lost status | Source of classification or shelving scheme | Damaged status | Not for loan | Home library | Branch Name | Shelving location | Date acquired | Total Checkouts | Full call number | Barcode | Date last seen | Price effective from | Koha item type |
|---|---|---|---|---|---|---|---|---|---|---|---|---|---|---|
| Dewey Decimal Classification | SAU Library | SAU Library | General Stacks | 28/12/1980 | --- হোসেহ্যা | 7033 | 26/02/2015 | 26/02/2015 | Book |
